Já si to všechno pamatuju : autorské čtení /
Uloženo v:
| Hlavní autor: | |
|---|---|
| Další autoři: | , , , |
| Médium: | E-audiokniha |
| Jazyk: | Czech |
| Vydáno: |
Praha :
Voxi,
[2025]
|
| Vydání: | 1. vydání |
| Edice: | Rozhovory (Vyšehrad)
|
| Témata: | |
| Tagy: |
Žádné tagy |
| LEADER | 04738nim a2201069 i 4500 | ||
|---|---|---|---|
| 001 | 313384 | ||
| 003 | CZ PrSKC | ||
| 005 | 20260601215741.0 | ||
| 007 | sd fungnnmmned | ||
| 008 | 250211p20252024xr nnnng bt n cze | ||
| 015 | |a cnb003672282 | ||
| 020 | |a 9788074482977 : |c Kč 399,00 | ||
| 040 | |a ABA001 |b cze |e rda | ||
| 043 | |a e-xr--- | ||
| 045 | |a x-y- | ||
| 072 | 7 | |a 070 |x Noviny. Tisk. Žurnalistika |2 Konspekt | |
| 072 | 7 | |a 929 |x Biografie |2 Konspekt | |
| 080 | |a 070.42 |2 MRF | ||
| 080 | |a 070 |2 MRF | ||
| 080 | |a 316.774:316.3 |2 MRF | ||
| 080 | |a 328/329 |2 MRF | ||
| 080 | |a 929 |2 MRF | ||
| 080 | |a (437.3) |2 MRF | ||
| 080 | |a (047.53) |2 MRF | ||
| 080 | |a (0:82-94) |2 MRF | ||
| 080 | |a (086.7)08 |2 MRF | ||
| 080 | |a (086.76) |2 MRF | ||
| 100 | 1 | |a Šídlo, Jindřich, |d 1972- |7 xx0053666 |4 aut |4 nrt | |
| 245 | 1 | 0 | |a Já si to všechno pamatuju : |b autorské čtení / |c Michael Rozsypal, Jindřich Šídlo |
| 250 | |a 1. vydání | ||
| 264 | 1 | |a Praha : |b Voxi, |c [2025] | |
| 264 | 4 | |c ©2025 | |
| 300 | |a 1 audiodisk (6 hod., 19 min.) ; |c 12 cm | ||
| 306 | |a 061900 | ||
| 336 | |a mluvené slovo |b spw |2 rdacontent | ||
| 337 | |a audio |b s |2 rdamedia | ||
| 338 | |a audiodisk |b sd |2 rdacarrier | ||
| 344 | |a digital |b optical |2 rda | ||
| 347 | |a audio soubor |b MP3 |2 rda | ||
| 490 | 1 | |a Rozhovory | |
| 500 | |a Název z disku | ||
| 500 | |a Vydalo nakladatelství Voxi ve společnosti Albatros Media a.s. | ||
| 500 | |a Podle stejnojmenné knihy vydané nakladatelstvím Vyšehrad v roce 2024 | ||
| 500 | |a Nezkrácená audiokniha ve formátu MP3 | ||
| 508 | |a Režie, Daniel Tůma | ||
| 511 | 0 | |a Čtou Jindřich Šídlo, Michael Rozsypal, Radek Hoppe a Petra Špindlerová | |
| 518 | |o Nahráno |d 2024 |p studio Karpofon (AudioStory) | ||
| 600 | 1 | 7 | |a Šídlo, Jindřich, |d 1972- |7 xx0053666 |2 czenas |
| 648 | 7 | |a 20.-21. století |7 ch462155 |2 czenas | |
| 650 | 0 | 7 | |a novináři |7 ph123339 |z Česko |y 20.-21. století |2 czenas |
| 650 | 0 | 7 | |a žurnalistika |7 ph117282 |z Česko |y 20.-21. století |2 czenas |
| 650 | 0 | 7 | |a masmédia a společnost |7 ph551078 |z Česko |y 20.-21. století |2 czenas |
| 650 | 0 | 9 | |a journalists |z Czechia |y 20th-21st centuries |2 eczenas |
| 650 | 0 | 9 | |a journalism |z Czechia |y 20th-21st centuries |2 eczenas |
| 650 | 0 | 9 | |a mass media and society |z Czechia |y 20th-21st centuries |2 eczenas |
| 651 | 7 | |a Česko |7 ge128065 |x politika a vláda |y 20.-21. století |2 czenas | |
| 651 | 9 | |a Czechia |x politics and government |y 20th-21st centuries |2 eczenas | |
| 655 | 7 | |a rozhovory |7 fd133303 |2 czenas | |
| 655 | 7 | |a autobiografické vzpomínky |7 fd131854 |2 czenas | |
| 655 | 7 | |a audioknihy |7 fd119452 |2 czenas | |
| 655 | 7 | |a kompaktní disky |7 fd201991 |2 czenas | |
| 655 | 9 | |a interviews |2 eczenas | |
| 655 | 9 | |a autobiographical reminiscences |2 eczenas | |
| 655 | 9 | |a audiobooks |2 eczenas | |
| 655 | 9 | |a compact discs |2 eczenas | |
| 700 | 1 | |a Rozsypal, Michael, |d 1989- |7 av20221172319 |4 aut |4 nrt | |
| 700 | 1 | |a Hoppe, Radek, |d 1979- |7 xx0283947 |4 nrt | |
| 700 | 1 | |a Špindlerová, Petra, |d 1972- |7 xx0199163 |4 nrt | |
| 700 | 1 | |a Tůma, Daniel, |d 1978- |7 xx0131764 |4 drt | |
| 830 | 0 | |a Rozhovory (Vyšehrad) | |
| 900 | |a ABA001 |b 19 | ||
| 928 | 9 | |a Albatros Media | |
| 044 | |a xr | ||
| 505 | 0 | 0 | |t 01_Pribeh s happyendem_Cast prvni (31 min., 2 sek.) |
| 505 | 0 | 0 | |t 02_Pribeh s happyendem_Cast druha (30 min., 15 sek.) |
| 505 | 0 | 0 | |t 03_Jednou Respekt, vzdycky Respekt_Cast prvni (25 min., 26 sek.) |
| 505 | 0 | 0 | |t 04_Jednou Respekt, vzdycky Respekt_Cast druha (17 min., 19 sek.) |
| 505 | 0 | 0 | |t 05_Media, ktera umi sesadit premiera_Cast prvni (27 min., 12 sek.) |
| 505 | 0 | 0 | |t 06_Media, ktera umi sesadit premiera_Cast druha (23 min., 0 sek.) |
| 505 | 0 | 0 | |t 07_Stastny tyden pred Stastnym pondelim_Cast prvni (23 min., 5 sek.) |
| 505 | 0 | 0 | |t 08_Stastny tyden pred Stastnym pondelim_Cast druha (16 min., 50 sek.) |
| 505 | 0 | 0 | |t 09_Doufam ze vyhraje fotbal_Cast prvni (23 min., 26 sek.) |
| 505 | 0 | 0 | |t 10_Doufam ze vyhraje fotbal_Cast druha (14 min., 36 sek.) |
| 505 | 0 | 0 | |t 11_S emocemi spis neobtezuju (29 min., 20 sek.) |
| 505 | 0 | 0 | |t 12_Pada vlada, neco si prej_Cast prvni (21 min., 45 sek.) |
| 505 | 0 | 0 | |t 13_Pada vlada, neco si prej_Cast druha (15 min., 9 sek.) |
| 505 | 0 | 0 | |t 14_Tricet let s ceskou politikou_Cast prvni (32 min., 34 sek.) |
| 505 | 0 | 0 | |t 15_Tricet let s ceskou politikou_Cast druha (26 min., 17 sek.) |
| 505 | 0 | 0 | |t 16_Tricet let s ceskou politikou_Cast treti (21 min., 46 sek.) |
| 910 | |a RBIT002 | ||
| 998 | |d 416477 |a https://core.palmknihy.cz/api/books/416477/cover?spk7d6 |b https://core.palmknihy.cz/api/books/416477/cover/400?spk7d6 |c https://core.palmknihy.cz/api/books/416477/cover/50?spk7d6 |e 2034-12-31 |i 9788074482977 |l 22740 |q 49 |r 1 |s https://www.palmknihy.cz/kniha/416477 |t audiobook |y 2024 |z 0 | ||
| 999 | |d 313382 | ||